[Event "RUS-chT (Women)"]
[Site "Sochi"]
[Date "2018.05.04"]
[Round "4.3"]
[White "Kryukova, Irina"]
[Black "Shuvalova, Polina"]
[Result "0-1"]
[WhiteElo "2261"]
[BlackElo "2416"]
[PlyCount "82"]
[EventDate "2018.05.01"]
[EventType "team-tourn"]
[EventRounds "9"]
[EventCountry "RUS"]
[SourceTitle "CBM 184 Extra"]
[Source "ChessBase"]
[SourceDate "2018.06.28"]
[SourceVersion "1"]
[SourceVersionDate "2018.06.28"]
[SourceQuality "1"]
[WhiteTeam "Moscow Region (W)"]
[BlackTeam "Moscow Legacy Square (W)"]
[WhiteTeamCountry "RUS"]
[BlackTeamCountry "RUS"]

1. e4 c6 2. d4 d5 3. Nc3 dxe4 4. Nxe4 Bf5 5. Nc5 b6 6. Nb3 e6 7. Nf3 Nf6 8. g3 Bd6 9. Bg2 Qc7 10. 0-0 Nbd7 11. Qe2 0-0 12. Re1 Rac8 13. Ne5 c5 14. Nxd7 Nxd7 15. dxc5 bxc5 16. Bd2 e5 17. c4 e4 18. Ba5 Qb8 19. Bxe4 Rce8 20. Qc2 Rxe4 21. Rxe4 Nf6 22. Nd2 Be5 23. Rae1 Bxb2 24. Bc3 Bxc3 25. Qxc3 Nxe4 26. Nxe4 Qb4 27. a3 Qxc3 28. Nxc3 Rb8 29. Re5 g6 30. Rxc5 Rb3 31. Nd5 Bh3 32. Rb5 Rxa3 33. Rb1 a5 34. c5 a4 35. c6 Rb3 36. Rxb3 axb3 37. f3 b2 38. Nc3 Be6 39. Kf2 Kf8 40. Ke3 Ke7 41. Kd2 Bf5 0-1

[Event "RUS Cup final (Women)"]
[Site "Serpukhov"]
[Date "2008.11.06"]
[Round "1.3"]
[White "Girya, Olga"]
[Black "Kryukova, Irina"]
[Result "1-0"]
[WhiteElo "2332"]
[BlackElo "2258"]
[PlyCount "57"]
[EventDate "2008.11.05"]
[EventType "k.o."]
[EventRounds "5"]
[EventCountry "RUS"]
[SourceTitle "EXT 2009"]
[Source "ChessBase"]
[SourceDate "2008.11.26"]
[SourceVersion "1"]
[SourceVersionDate "2008.11.26"]
[SourceQuality "1"]

1. e4 e6 2. d4 d5 3. Nd2 Nf6 4. e5 Nfd7 5. Bd3 c5 6. c3 Nc6 7. Ne2 cxd4 8. cxd4 f6 9. Nf4 Nxd4 10. Qh5+ Ke7 11. exf6+ Nxf6 12. Ng6+ hxg6 13. Qxh8 Kf7 14. Qh4 e5 15. Nf3 Nxf3+ 16. gxf3 Bf5 17. Bxf5 gxf5 18. Bg5 Qa5+ 19. Kf1 Be7 20. Kg2 Rc8 21. Rac1 Rc6 22. Rhe1 d4 23. Qg3 Rxc1 24. Rxc1 d3 25. Qh4 f4 26. Bxf6 Bxf6 27. Qh7 d2 28. Rd1 e4 29. Qxe4 1-0

[Event "Marianske Lazne op"]
[Site "Marianske Lazne"]
[Date "2008.01.24"]
[Round "7"]
[White "Kryukova, Irina"]
[Black "Snorek, Milan"]
[Result "1/2-1/2"]
[WhiteElo "2249"]
[BlackElo "2098"]
[PlyCount "146"]
[EventDate "2008.01.19"]
[EventType "swiss"]
[EventRounds "9"]
[EventCountry "CZE"]
[SourceTitle "CBM 122 Extra"]
[Source "ChessBase"]
[SourceDate "2008.03.04"]
[SourceVersion "1"]
[SourceVersionDate "2008.03.04"]
[SourceQuality "1"]

1. e4 e5 2. Nf3 Nf6 3. Nc3 Bb4 4. Nxe5 0-0 5. Nd3 Bxc3 6. dxc3 Nxe4 7. Be2 d5 8. 0-0 c6 9. Nf4 Nd7 10. c4 dxc4 11. Bxc4 Ne5 12. Qxd8 Rxd8 13. Be2 Bf5 14. Be3 Nf6 15. c3 g5 16. Bd4 Re8 17. Nh5 Nxh5 18. Bxh5 Nd3 19. Be3 g4 20. b3 c5 21. Rfd1 Rad8 22. Rd2 b5 23. Rad1 c4 24. Bxa7 Rd7 25. Be3 Rde7 26. h3 gxh3 27. gxh3 Bxh3 28. Kh2 Bf5 29. Rg1+ Bg6 30. Rg3 Re4 31. Bf3 Rh4+ 32. Kg1 Ne1 33. Bc6 Rb8 34. Ba7 Rc8 35. Bxb5 Kf8 36. Re2 Be4 37. Rxe4 Rxe4 38. Bxc4 Rc7 39. Bb6 Rcxc4 40. bxc4 Rxc4 41. Bd4 Nc2 42. Bf6 Ke8 43. Rd3 Rc8 44. a4 Na3 45. a5 Nb5 46. Rd5 Nc7 47. Rh5 Kd7 48. Rxh7 Ke6 49. Bd4 Nd5 50. Rh6+ Kd7 51. Rh3 Rg8+ 52. Kf1 Rb8 53. Ke1 Rb1+ 54. Kd2 Rb2+ 55. Kc1 Ra2 56. Rf3 Ke6 57. c4 Nb4 58. Rf6+ Ke7 59. Rf5 Rc2+ 60. Kd1 Rxc4 61. Be3 Ke6 62. Rb5 Nd5 63. Bd2 Ra4 64. Rb8 Ke5 65. Ra8 Kd4 66. Ke2 Ra2 67. Rd8 f5 68. Rd6 f4 69. f3 Ke5 70. Rd8 Kd4 71. Ke1 Kc4 72. Rd6 Ra1+ 73. Ke2 Kd4 1/2-1/2

[Event "Marianske Lazne op"]
[Site "Marianske Lazne"]
[Date "2008.01.23"]
[Round "6"]
[White "Scibior, Adam"]
[Black "Kryukova, Irina"]
[Result "1/2-1/2"]
[WhiteElo "2124"]
[BlackElo "2249"]
[PlyCount "86"]
[EventDate "2008.01.19"]
[EventType "swiss"]
[EventRounds "9"]
[EventCountry "CZE"]
[SourceTitle "CBM 122 Extra"]
[Source "ChessBase"]
[SourceDate "2008.03.04"]
[SourceVersion "1"]
[SourceVersionDate "2008.03.04"]
[SourceQuality "1"]

1. Nf3 Nf6 2. c4 e6 3. Nc3 d5 4. d4 Be7 5. Bg5 0-0 6. e3 b6 7. Rc1 Bb7 8. cxd5 exd5 9. Bd3 Nbd7 10. 0-0 c5 11. dxc5 bxc5 12. Bf5 h6 13. Bh4 Nb6 14. Na4 Nxa4 15. Qxa4 Qb6 16. Ne5 Bc8 17. Bxc8 Rfxc8 18. Rc2 Qe6 19. Nf3 Ne4 20. Bxe7 Qxe7 21. Rd1 Rd8 22. Nd2 Nf6 23. Qa3 Rac8 24. Nb3 Qe5 25. Rxc5 Ng4 26. h3 Qh2+ 27. Kf1 Nf6 28. Rxc8 Rxc8 29. Qa6 Re8 30. Qxa7 Qh1+ 31. Ke2 Qxg2 32. Qc7 Qxh3 33. Re1 Rc8 34. Qe5 Rc2+ 35. Nd2 Kh8 36. Kd3 Qc8 37. a4 Rc6 38. b4 Re6 39. Qd4 Re7 40. b5 Qf5+ 41. Ke2 Qh5+ 42. Kd3 Qf5+ 43. Ke2 Qh5+ 1/2-1/2

[Event "Marianske Lazne op"]
[Site "Marianske Lazne"]
[Date "2008.01.22"]
[Round "4"]
[White "Kulicov, Oleg Anatolie"]
[Black "Kryukova, Irina"]
[Result "1/2-1/2"]
[WhiteElo "2405"]
[BlackElo "2249"]
[PlyCount "43"]
[EventDate "2008.01.19"]
[EventType "swiss"]
[EventRounds "9"]
[EventCountry "CZE"]
[SourceTitle "CBM 122 Extra"]
[Source "ChessBase"]
[SourceDate "2008.03.04"]
[SourceVersion "1"]
[SourceVersionDate "2008.03.04"]
[SourceQuality "1"]

1. d4 Nf6 2. Nf3 e6 3. e3 c5 4. Bd3 Be7 5. 0-0 b6 6. c4 Bb7 7. Nc3 cxd4 8. exd4 d6 9. Qe2 Nbd7 10. Bf4 a6 11. b4 0-0 12. Rfc1 Re8 13. Be3 Bf8 14. Nd2 d5 15. cxd5 exd5 16. a3 g6 17. Qf3 Bg7 18. a4 Qe7 19. Rab1 Ne4 20. g4 Nd6 21. h3 Rac8 22. Ne2 1/2-1/2

[Event "Marianske Lazne op"]
[Site "Marianske Lazne"]
[Date "2008.01.21"]
[Round "3"]
[White "Kryukova, Irina"]
[Black "Hastik, Svatopluk"]
[Result "1-0"]
[WhiteElo "2249"]
[BlackElo "2116"]
[PlyCount "111"]
[EventDate "2008.01.19"]
[EventType "swiss"]
[EventRounds "9"]
[EventCountry "CZE"]
[SourceTitle "CBM 122 Extra"]
[Source "ChessBase"]
[SourceDate "2008.03.04"]
[SourceVersion "1"]
[SourceVersionDate "2008.03.04"]
[SourceQuality "1"]

1. e4 g6 2. d4 Bg7 3. Nc3 d6 4. Be3 Nf6 5. b3 0-0 6. Qd2 e5 7. dxe5 dxe5 8. 0-0-0 Qxd2+ 9. Rxd2 c6 10. Bc4 Nbd7 11. a4 a5 12. Nf3 Re8 13. Rhd1 Nf8 14. Ng5 Be6 15. Nxe6 Nxe6 16. Bxe6 Rxe6 17. Rd8+ Re8 18. Rxe8+ Rxe8 19. Bb6 Ra8 20. Rd8+ Rxd8 21. Bxd8 Nd7 22. Bxa5 Bf8 23. Bc7 f6 24. Ne2 Bh6+ 25. Kb1 Kf7 26. b4 f5 27. exf5 gxf5 28. c3 Ke6 29. Kc2 Be3 30. Kd3 Bxf2 31. a5 h5 32. c4 Be1 33. b5 cxb5 34. cxb5 Kd5 35. Nc3+ Kc5 36. a6 bxa6 37. bxa6 Kc6 38. a7 Kb7 39. Nb5 Bf2 40. Nd6+ Kxa7 41. Nxf5 Kb7 42. Bd6 Kc6 43. Ke4 Bd4 44. Nxd4+ Kxd6 45. Nf5+ Ke6 46. Ng7+ Kf6 47. Nxh5+ Ke6 48. g4 Nc5+ 49. Ke3 Kf7 50. Ng3 Kg6 51. h4 Kh6 52. Ne4 Ne6 53. Ng5 Nf4 54. Ke4 Ng2 55. Nf7+ Kg7 56. h5 1-0

[Event "EU-Cup (Women) 08th"]
[Site "Rethymno"]
[Date "2003.09.28"]
[Round "1.2"]
[White "Prudnikova, Svetlana"]
[Black "Kryukova, Irina"]
[Result "1-0"]
[WhiteElo "2412"]
[BlackElo "2317"]
[PlyCount "83"]
[EventDate "2003.09.28"]
[EventType "team-swiss"]
[EventRounds "7"]
[EventCountry "GRE"]
[SourceTitle "EXT 2013"]
[Source "ChessBase"]
[SourceDate "2012.11.22"]
[SourceVersion "1"]
[SourceVersionDate "2012.11.22"]
[SourceQuality "1"]
[WhiteTeam "Belgrade BAS (W)"]
[BlackTeam "Tomsk 400 (W)"]
[WhiteTeamCountry "SRB"]
[BlackTeamCountry "RUS"]

1. Nf3 Nf6 2. c4 e6 3. g3 b6 4. Bg2 Bb7 5. 0-0 Be7 6. Nc3 d5 7. cxd5 exd5 8. d4 0-0 9. Bf4 Nh5 10. Be3 Na6 11. Rc1 Nf6 12. Ne5 c6 13. Bg5 Nd7 14. Bf4 Nxe5 15. Bxe5 Bg5 16. e3 Be7 17. h4 Bd6 18. Bxd6 Qxd6 19. e4 dxe4 20. Nxe4 Qd7 21. Qb3 Rad8 22. Rfd1 Rfe8 23. Ng5 Nc7 24. Qc2 g6 25. Bxc6 Bxc6 26. Qxc6 Qxc6 27. Rxc6 Nd5 28. Kf1 Rd7 29. a3 Red8 30. Nf3 f6 31. Rdc1 Kf7 32. Rc8 Rxc8 33. Rxc8 Ne7 34. Ra8 Rc7 35. Ke2 Rc2+ 36. Nd2 Rc7 37. Kd3 Nc8 38. a4 Ke6 39. Nc4 Kd5 40. Na3 Nd6 41. Rd8 a6 42. Nc4 1-0

[Event "Serpukhov-B (Women)"]
[Site "Serpukhov"]
[Date "2003.??.??"]
[Round "1"]
[White "Kryukova, Irina"]
[Black "Iljushina, Olga"]
[Result "1-0"]
[WhiteElo "2309"]
[BlackElo "2184"]
[PlyCount "87"]
[EventDate "2003.01.??"]
[EventType "tourn"]
[EventRounds "11"]
[EventCountry "RUS"]
[SourceTitle "EXT 2004"]
[Source "ChessBase"]
[SourceDate "2003.11.25"]
[SourceVersion "1"]
[SourceVersionDate "2003.11.25"]
[SourceQuality "1"]

1. e4 c5 2. Nf3 Nc6 3. Bb5 g6 4. Bxc6 dxc6 5. h3 Bg7 6. d3 e5 7. Be3 b6 8. Nc3 Ne7 9. Qd2 0-0 10. Bh6 f6 11. Bxg7 Kxg7 12. 0-0-0 Be6 13. Qe3 Qe8 14. h4 Qf7 15. Kb1 a5 16. a4 Rfd8 17. Ne2 Rab8 18. h5 gxh5 19. Nd2 Kh8 20. Rh2 c4 21. dxc4 Bxc4 22. Ng3 Rd4 23. Rxh5 Rbd8 24. Rhh1 b5 25. Kc1 Be6 26. axb5 cxb5 27. Nf3 Rxd1+ 28. Rxd1 Rxd1+ 29. Kxd1 Nc6 30. Qc5 Qd7+ 31. Kc1 Kg7 32. Qxb5 Bg4 33. Nd2 Qc7 34. Qc5 Qd7 35. f3 Be6 36. Nf5+ Bxf5 37. exf5 h5 38. Ne4 Nd4 39. Qxa5 Nxf5 40. Qb6 Qf7 41. b3 Nh4 42. Qf2 Ng6 43. g3 Qb7 44. Qc5 1-0

[Event "Serpukhov op"]
[Site "Serpukhov"]
[Date "2002.??.??"]
[Round "12"]
[White "Kryukova, Irina"]
[Black "Ponkratov, Pavel"]
[Result "1/2-1/2"]
[WhiteElo "2309"]
[BlackElo "2236"]
[PlyCount "38"]
[EventDate "2002.??.??"]
[EventType "swiss"]
[EventRounds "15"]
[EventCountry "RUS"]
[SourceTitle "EXT 2007"]
[Source "ChessBase"]
[SourceDate "2006.11.23"]
[SourceVersion "1"]
[SourceVersionDate "2006.11.23"]
[SourceQuality "1"]

1. e4 e5 2. Nf3 Nc6 3. Bb5 a6 4. Ba4 d6 5. c3 f5 6. exf5 Nf6 7. 0-0 Be7 8. d4 e4 9. d5 exf3 10. dxc6 b5 11. Bb3 fxg2 12. Re1 d5 13. Bg5 0-0 14. Bxf6 Bxf6 15. Qxd5+ Qxd5 16. Bxd5+ Kh8 17. Bxg2 Bxf5 18. Nd2 b4 19. Ne4 Bxe4 1/2-1/2

[Event "RUS Cup (Women)"]
[Site "Serpukhov"]
[Date "2001.??.??"]
[Round "8"]
[White "Korbut, Ekaterina"]
[Black "Kryukova, Irina"]
[Result "1-0"]
[WhiteElo "2366"]
[BlackElo "2293"]
[PlyCount "64"]
[EventDate "2001.??.??"]
[EventType "swiss"]
[EventRounds "9"]
[EventCountry "RUS"]
[SourceTitle "EXT 2005"]
[Source "ChessBase"]
[SourceDate "2004.11.15"]
[SourceVersion "1"]
[SourceVersionDate "2004.11.15"]
[SourceQuality "1"]

1. e4 e5 2. Nf3 Nc6 3. Bb5 f5 4. Nc3 fxe4 5. Nxe4 d5 6. Nxe5 dxe4 7. Nxc6 Qg5 8. Qe2 Nf6 9. f4 Qxf4 10. d4 Qd6 11. Ne5+ c6 12. Bc4 Be6 13. c3 Be7 14. 0-0 0-0 15. Bf4 Bxc4 16. Nxc4 Qe6 17. Rae1 Rae8 18. Be5 Nd7 19. a4 b5 20. axb5 cxb5 21. Nd2 Nxe5 22. Qxb5 Rxf1+ 23. Nxf1 Nd7 24. Ng3 Rb8 25. Rxe4 Rxb5 26. Rxe6 Kf7 27. Ra6 Rb7 28. Nf5 Bf8 29. Ne3 Ke7 30. Nc4 Kd8 31. Ra5 Rxb2 32. Rxa7 Rc2 1-0

[Event "RUS Cup (Women)"]
[Site "Serpukhov"]
[Date "2001.??.??"]
[Round "7"]
[White "Kryukova, Irina"]
[Black "Ambartsumova, Karina"]
[Result "1-0"]
[WhiteElo "2293"]
[BlackElo "2139"]
[PlyCount "83"]
[EventDate "2001.??.??"]
[EventType "swiss"]
[EventRounds "9"]
[EventCountry "RUS"]
[SourceTitle "EXT 2005"]
[Source "ChessBase"]
[SourceDate "2004.11.15"]
[SourceVersion "1"]
[SourceVersionDate "2004.11.15"]
[SourceQuality "1"]

1. e4 c5 2. Nf3 b6 3. d4 cxd4 4. Nxd4 Bb7 5. Nc3 e6 6. a3 d6 7. Bc4 Nf6 8. 0-0 a6 9. Re1 Be7 10. Ba2 Nbd7 11. Bxe6 fxe6 12. Nxe6 Qc8 13. Nxg7+ Kf7 14. Nf5 Qc7 15. Bg5 Rae8 16. Qf3 Rhf8 17. Qh3 h5 18. Qg3 Rh8 19. Rad1 Ne5 20. Qf4 Rd8 21. h4 Ng6 22. Qg3 Ne5 23. Rd4 Qd7 24. Red1 Qe6 25. Nxe7 Qxe7 26. Qf4 Ng6 27. Qxf6+ Qxf6 28. Bxf6 Kxf6 29. Rxd6+ Rxd6 30. Rxd6+ Kf7 31. Rd7+ Ke6 32. Rxb7 Nxh4 33. Rxb6+ Ke5 34. Rxa6 Rb8 35. Ra5+ Kd4 36. Rxh5 Ng6 37. Rd5+ Kc4 38. Nd1 Nf4 39. Rd2 Rg8 40. b3+ Kc5 41. f3 Nh3+ 42. Kh2 1-0

[Event "RUS Cup (Women)"]
[Site "Serpukhov"]
[Date "2001.??.??"]
[Round "5"]
[White "Kryukova, Irina"]
[Black "Iljushina, Olga"]
[Result "1-0"]
[WhiteElo "2293"]
[BlackElo "2170"]
[PlyCount "97"]
[EventDate "2001.??.??"]
[EventType "swiss"]
[EventRounds "9"]
[EventCountry "RUS"]
[SourceTitle "EXT 2005"]
[Source "ChessBase"]
[SourceDate "2004.11.15"]
[SourceVersion "1"]
[SourceVersionDate "2004.11.15"]
[SourceQuality "1"]

1. e4 c5 2. Nf3 Nc6 3. Bb5 g6 4. Bxc6 dxc6 5. h3 Bg7 6. Nc3 e5 7. d3 Qe7 8. Be3 Nf6 9. Qd2 0-0 10. Bh6 Ne8 11. 0-0-0 f6 12. Nh2 b5 13. Kb1 a5 14. Ne2 Nd6 15. Bxg7 Qxg7 16. Qe3 c4 17. d4 Qa7 18. Ng3 Qc7 19. dxe5 fxe5 20. Nf3 Re8 21. h4 b4 22. h5 Nf7 23. hxg6 hxg6 24. Ng5 Be6 25. Rh2 Nxg5 26. Qxg5 Qg7 27. Rdh1 Rad8 28. Rh6 Bf7 29. Nf5 Rd1+ 30. Rxd1 gxf5 31. Qh4 fxe4 32. Rh1 Kf8 33. Rh8+ Bg8 34. Qxe4 Rd8 35. Kc1 Qg5+ 36. Qe3 Qxe3+ 37. fxe3 Kg7 38. R8h5 Re8 39. Rd1 Bd5 40. Rh4 Rh8 41. Rxh8 Kxh8 42. g3 Kg7 43. Kd2 a4 44. c3 b3 45. a3 Kg6 46. Rf1 c5 47. Rf8 Be6 48. Ra8 Bd7 49. Ra7 1-0

[Event "RUS Cup (Women)"]
[Site "Serpukhov"]
[Date "2001.??.??"]
[Round "1"]
[White "Kryukova, Irina"]
[Black "Kharashkina, Bairta"]
[Result "1-0"]
[WhiteElo "2293"]
[BlackElo "2178"]
[PlyCount "45"]
[EventDate "2001.??.??"]
[EventType "swiss"]
[EventRounds "9"]
[EventCountry "RUS"]
[SourceTitle "EXT 2005"]
[Source "ChessBase"]
[SourceDate "2004.11.15"]
[SourceVersion "1"]
[SourceVersionDate "2004.11.15"]
[SourceQuality "1"]

1. e4 c5 2. Nf3 Nc6 3. Bb5 e6 4. 0-0 Nge7 5. Re1 g6 6. c3 Bg7 7. d4 cxd4 8. cxd4 Qb6 9. Bxc6 bxc6 10. Nc3 0-0 11. Bg5 f6 12. Na4 Qc7 13. Bd2 Rb8 14. Qc1 d6 15. Qc4 Bd7 16. Rac1 Qb7 17. b3 Kh8 18. e5 fxe5 19. dxe5 d5 20. Qc3 Qc7 21. Nc5 Rbe8 22. Ng5 Qc8 23. Qh3 1-0

[Event "RUS Cup (Women)"]
[Site "Serpukhov"]
[Date "2001.??.??"]
[Round "4"]
[White "Kursova, Maria"]
[Black "Kryukova, Irina"]
[Result "1-0"]
[WhiteElo "2203"]
[BlackElo "2293"]
[PlyCount "133"]
[EventDate "2001.??.??"]
[EventType "swiss"]
[EventRounds "9"]
[EventCountry "RUS"]
[SourceTitle "EXT 2005"]
[Source "ChessBase"]
[SourceDate "2004.11.15"]
[SourceVersion "1"]
[SourceVersionDate "2004.11.15"]
[SourceQuality "1"]

1. d4 Nf6 2. Nf3 e6 3. c4 Bb4+ 4. Bd2 Qe7 5. g3 Nc6 6. Nc3 Bxc3 7. Bxc3 Ne4 8. Rc1 0-0 9. Bg2 d5 10. 0-0 Rd8 11. cxd5 exd5 12. Bd2 Nxd2 13. Qxd2 Bf5 14. Rc3 Be4 15. Rfc1 Re8 16. Qf4 Rad8 17. Rb3 Rb8 18. e3 f6 19. Nd2 Bxg2 20. Kxg2 Qd8 21. Rbc3 Re7 22. a3 Rc8 23. Nb3 Nb8 24. Nc5 c6 25. b4 Qc7 26. Qxc7 Rexc7 27. Ne6 Re7 28. Nf4 Rd8 29. b5 g5 30. Nd3 Kf7 31. bxc6 Nxc6 32. Rc5 Ke6 33. h4 h6 34. hxg5 hxg5 35. a4 Kd6 36. a5 Rdd7 37. a6 Nd8 38. Nb4 Ke6 39. Rc8 bxa6 40. Nxa6 Nb7 41. Ra8 Kf5 42. Rxa7 Nd6 43. Rxd7 Rxd7 44. Nc7 Nb7 45. Rc6 Nd8 46. Rc5 Ne6 47. Rxd5+ Rxd5 48. Nxd5 g4 49. Nc3 Ng5 50. Kf1 Ke6 51. Ke2 f5 52. Nb1 Ne4 53. Nd2 Nc3+ 54. Kd3 Nd1 55. Ke2 Nc3+ 56. Kf1 Kd5 57. Kg2 Nd1 58. Kg1 Nc3 59. Kf1 Nd1 60. Nb1 Nb2 61. Ke2 Kc4 62. Na3+ Kb4 63. Nc2+ Kc4 64. f3 Kd5 65. Nb4+ Kc4 66. fxg4 fxg4 67. Nc6 1-0

[Event "RUS-ch 1L (Women)"]
[Site "Protvino"]
[Date "2000.??.??"]
[Round "3"]
[White "Kol, Natalia"]
[Black "Kryukova, Irina"]
[Result "0-1"]
[WhiteElo "2119"]
[BlackElo "2293"]
[PlyCount "120"]
[EventDate "2000.??.??"]
[EventType "swiss"]
[EventRounds "9"]
[EventCountry "RUS"]
[SourceTitle "EXT 2006"]
[Source "ChessBase"]
[SourceDate "2005.11.24"]
[SourceVersion "1"]
[SourceVersionDate "2005.11.24"]
[SourceQuality "1"]

1. d4 Nf6 2. c4 e6 3. Nf3 d5 4. Nc3 Be7 5. Bg5 0-0 6. e3 b6 7. Bxf6 Bxf6 8. cxd5 exd5 9. Rc1 Bb7 10. Bd3 Be7 11. 0-0 Nd7 12. Bb1 Nf6 13. Ne5 c5 14. Qa4 Bd6 15. f4 Qe7 16. Rf3 Ne4 17. Nxe4 dxe4 18. Rh3 Rac8 19. Rd1 cxd4 20. exd4 Bd5 21. Rf1 f6 22. Ng4 Rc4 23. Qb5 Rxd4 24. Ne3 Bc5 25. Nxd5 Rxd5+ 26. Kh1 Rd4 27. a3 f5 28. Qe2 g6 29. b4 Bd6 30. Ba2+ Kh8 31. Qb2 Qg7 32. Qc1 Rd8 33. Rc3 h5 34. Rc2 Kh7 35. h3 Rd3 36. Bc4 Rd4 37. Ba2 Qf6 38. Rc8 Be7 39. Rxd8 Bxd8 40. Qb2 Rd1 41. Qe2 Rxf1+ 42. Qxf1 Qd4 43. Qc4 Qxc4 44. Bxc4 h4 45. Kg1 Bc7 46. Kf2 Bxf4 47. Ke2 Kg7 48. a4 Bd6 49. b5 Kf6 50. Bd5 Ke5 51. Bc6 Kf4 52. Be8 g5 53. Bd7 Bc5 54. Bc8 g4 55. Bd7 gxh3 56. gxh3 Kg5 57. Bc8 f4 58. Bb7 f3+ 59. Ke1 Kf4 60. Bd5 e3 0-1

[Event "RUS-ch 1L (Women)"]
[Site "Protvino"]
[Date "2000.??.??"]
[Round "2"]
[White "Kosintseva, Tatiana"]
[Black "Kryukova, Irina"]
[Result "1-0"]
[WhiteElo "2203"]
[BlackElo "2293"]
[PlyCount "122"]
[EventDate "2000.??.??"]
[EventType "swiss"]
[EventRounds "9"]
[EventCountry "RUS"]
[SourceTitle "EXT 2006"]
[Source "ChessBase"]
[SourceDate "2005.11.24"]
[SourceVersion "1"]
[SourceVersionDate "2005.11.24"]
[SourceQuality "1"]

1. e4 e5 2. Nf3 Nc6 3. Bc4 Nf6 4. d3 Bc5 5. Nc3 h6 6. 0-0 d6 7. Na4 Bb6 8. c3 0-0 9. Bb3 Be6 10. Bc2 Ne7 11. Nxb6 axb6 12. d4 Ng6 13. d5 Bd7 14. Ne1 Nh7 15. Nd3 f5 16. exf5 Bxf5 17. f4 exf4 18. Bxf4 Qd7 19. Be3 Rae8 20. Qd2 Ne5 21. Nxe5 Rxe5 22. Bd4 Ree8 23. Rxf5 Rxf5 24. Qd3 g6 25. Qh3 h5 26. Bxf5 Qxf5 27. Qxf5 gxf5 28. Rf1 Rf8 29. Re1 Ng5 30. Re7 Rf7 31. Re8+ Rf8 32. Re3 Kf7 33. Rg3 Rg8 34. Kf1 f4 35. Rd3 Kg6 36. g3 fxg3 37. Rxg3 Rf8+ 38. Ke2 Kf5 39. h4 Re8+ 40. Kd3 Ne4 41. Rg7 c5 42. Bg1 b5 43. b3 b6 44. c4 b4 45. Be3 Ra8 46. Rg1 Re8 47. Rf1+ Kg6 48. Bf4 Re7 49. Bh2 Re8 50. Rf3 Re7 51. Rf8 Kg7 52. Rf4 Nc3 53. Rf2 Re4 54. Bxd6 Rxh4 55. Be5+ Kg6 56. d6 Ne4 57. d7 Nxf2+ 58. Ke2 Nh3 59. d8Q Re4+ 60. Kf1 Rxe5 61. Qd3+ Rf5+ 1-0

[Event "RUS-ch 1L (Women)"]
[Site "Protvino"]
[Date "2000.??.??"]
[Round "6"]
[White "Kryukova, Irina"]
[Black "Vasilevich, Irina"]
[Result "1-0"]
[WhiteElo "2293"]
[BlackElo "2179"]
[PlyCount "101"]
[EventDate "2000.??.??"]
[EventType "swiss"]
[EventRounds "9"]
[EventCountry "RUS"]
[SourceTitle "EXT 2006"]
[Source "ChessBase"]
[SourceDate "2005.11.24"]
[SourceVersion "1"]
[SourceVersionDate "2005.11.24"]
[SourceQuality "1"]

1. e4 c5 2. Nf3 e6 3. d4 cxd4 4. Nxd4 Nc6 5. Nc3 Qc7 6. Be3 Nf6 7. Be2 Be7 8. 0-0 0-0 9. f4 d6 10. Nb3 a6 11. a4 b6 12. Bd3 Bb7 13. Qf3 Rfe8 14. Qg3 Bf8 15. Rae1 Rac8 16. Qh3 Nb4 17. Nd4 Nxd3 18. cxd3 Nd7 19. f5 Nc5 20. fxe6 fxe6 21. Rd1 d5 22. exd5 exd5 23. Nf5 Ne6 24. Qg4 Kh8 25. Rc1 Qd7 26. Bxb6 Bc5+ 27. Bxc5 Nxc5 28. Qg3 d4 29. Nd6 Re3 30. Nxc8 Qxc8 31. Qf2 Qg8 32. Rcd1 Nxd3 33. Qd2 h6 34. Ne2 Qd5 35. Nf4 Qe4 36. Nxd3 Re2 37. Qxe2 Qxe2 38. Nf2 Qxb2 39. Rb1 Qc2 40. Rxb7 Qxa4 41. Rd1 a5 42. Rb8+ Kh7 43. Rd8 Qc2 44. R8xd4 a4 45. R4d2 Qb3 46. Ra1 h5 47. Rda2 Kh6 48. Rxa4 g6 49. h4 Qe3 50. Re4 Qc5 51. Rae1 1-0